Statistiques concernant Mots en argot

Cliquez ici pour prendre le quiz!

Statistiques générales

  • Ce quiz a été pris 574 fois
  • Le résultat moyen est 11 sur 20

Statistiques - réponses

IndiceMot% Correct
La tauleLa prison
96%
Un clebsUn chien
95%
Le flouzeL'argent
92%
GraillerManger
91%
Les pouletsLes policiers
87%
Les tifsLes cheveux
82%
La veineLa chance
66%
Être beurréÊtre ivre
61%
Une frangineUne femme
55%
Un gonzeUn homme
54%
Le tarinLe nez
53%
Un schlasseUn couteau
50%
Un moutardUn enfant
48%
Les ratichesLes dents
46%
Le turbinLe travail
43%
Une tireUne voiture
40%
Un canonUn verre
39%
Une cibicheUne cigarette
23%
Un greffierUn chat
17%
Les abattisLes bras
7%

Distribution des résultats

Percentile par nombre de réponses

% des personnes avec chaque résultat

Votre développement - résultats

Vous n’avez pas pris ce quiz